<?xml version="1.0" encoding="UTF-8"?>
<record
    xmlns:xsi="http://www.w3.org/2001/XMLSchema-instance"
    xsi:schemaLocation="http://www.loc.gov/MARC21/slim http://www.loc.gov/standards/marcxml/schema/MARC21slim.xsd"
    xmlns="http://www.loc.gov/MARC21/slim">

  <leader>01186nam2a22002531  4500</leader>
  <controlfield tag="001">RU\NLR\INFOCOMM10\1000211116</controlfield>
  <controlfield tag="005">20250617051739.0</controlfield>
  <datafield tag="035" ind1=" " ind2=" ">
    <subfield code="a">(NLR Aleph) 002478434</subfield>
  </datafield>
  <datafield tag="090" ind1=" " ind2=" ">
    <subfield code="a">2401760</subfield>
    <subfield code="c">2401760</subfield>
  </datafield>
  <datafield tag="100" ind1=" " ind2=" ">
    <subfield code="a">20040331d1917    |||y0rusy50      ca</subfield>
  </datafield>
  <datafield tag="101" ind1="0" ind2=" ">
    <subfield code="a">rus</subfield>
  </datafield>
  <datafield tag="102" ind1=" " ind2=" ">
    <subfield code="a">RU</subfield>
  </datafield>
  <datafield tag="105" ind1=" " ind2=" ">
    <subfield code="a">y   |||||||||</subfield>
  </datafield>
  <datafield tag="200" ind1="1" ind2=" ">
    <subfield code="a">&#x41E;&#x441;&#x43D;&#x43E;&#x432;&#x44B; &#x441;&#x43E;&#x432;&#x440;&#x435;&#x43C;&#x435;&#x43D;&#x43D;&#x43E;&#x433;&#x43E; &#x43C;&#x435;&#x442;&#x43E;&#x434;&#x430; &#x434;&#x438;&#x44D;&#x442;&#x435;&#x442;&#x438;&#x447;&#x435;&#x441;&#x43A;&#x43E;&#x433;&#x43E; &#x43B;&#x435;&#x447;&#x435;&#x43D;&#x438;&#x44F; &#x43F;&#x43E;&#x43D;&#x43E;&#x441;&#x43E;&#x432; &#x443; &#x438;&#x441;&#x43A;&#x443;&#x441;&#x441;&#x442;&#x432;&#x435;&#x43D;&#x43D;&#x43E; &#x432;&#x441;&#x43A;&#x430;&#x440;&#x43C;&#x43B;&#x438;&#x432;&#x430;&#x435;&#x43C;&#x44B;&#x445; &#x433;&#x440;&#x443;&#x434;&#x43D;&#x44B;&#x445; &#x434;&#x435;&#x442;&#x435;&#x439;</subfield>
    <subfield code="f">&#x410;.&#x41D;. &#x428;&#x43A;&#x430;&#x440;&#x438;&#x43D;</subfield>
  </datafield>
  <datafield tag="210" ind1=" " ind2=" ">
    <subfield code="d">1917</subfield>
    <subfield code="a">&#x411;. &#x43C;.</subfield>
  </datafield>
  <datafield tag="461" ind1=" " ind2="0">
    <subfield code="1">001RU\NLR\INFOCOMM10\1000211007</subfield>
    <subfield code="1">2001#$a&#x41A;&#x43B;&#x438;&#x43D;&#x438;&#x447;&#x435;&#x441;&#x43A;&#x438;&#x435; &#x43C;&#x43E;&#x43D;&#x43E;&#x433;&#x440;&#x430;&#x444;&#x438;&#x438;$e&#x411;&#x435;&#x441;&#x43F;&#x43B;. &#x43F;&#x440;&#x438;&#x43B;. &#x43A; "&#x412;&#x440;&#x430;&#x447;&#x435;&#x431;&#x43D;&#x43E;&#x439; &#x433;&#x430;&#x437;." ...$v1917, &#x424;&#x435;&#x432;&#x440;./&#x43C;&#x430;&#x440;&#x442;</subfield>
    <subfield code="9">2400826</subfield>
    <subfield code="c">&#x421;&#x41F;&#x431;.</subfield>
    <subfield code="d">1904-1918</subfield>
    <subfield code="n">&#x436;&#x443;&#x440;&#x43D;. "&#x41F;&#x440;&#x430;&#x43A;&#x442;&#x438;&#x447;. &#x43C;&#x435;&#x434;&#x438;&#x446;&#x438;&#x43D;&#x430;" (&#x42D;&#x442;&#x442;&#x438;&#x43D;&#x433;&#x435;&#x440;)</subfield>
    <subfield code="o">&#x411;&#x435;&#x441;&#x43F;&#x43B;. &#x43F;&#x440;&#x438;&#x43B;. &#x43A; "&#x412;&#x440;&#x430;&#x447;&#x435;&#x431;&#x43D;&#x43E;&#x439; &#x433;&#x430;&#x437;." ...</subfield>
    <subfield code="t">&#x41A;&#x43B;&#x438;&#x43D;&#x438;&#x447;&#x435;&#x441;&#x43A;&#x438;&#x435; &#x43C;&#x43E;&#x43D;&#x43E;&#x433;&#x440;&#x430;&#x444;&#x438;&#x438;</subfield>
    <subfield code="v">1917, &#x424;&#x435;&#x432;&#x440;./&#x43C;&#x430;&#x440;&#x442;</subfield>
  </datafield>
  <datafield tag="700" ind1=" " ind2="1">
    <subfield code="a">&#x428;&#x43A;&#x430;&#x440;&#x438;&#x43D;</subfield>
    <subfield code="b">&#x410;.&#x41D;.</subfield>
    <subfield code="4">070</subfield>
  </datafield>
  <datafield tag="801" ind1=" " ind2="1">
    <subfield code="a">RU</subfield>
    <subfield code="b">InfoComm</subfield>
    <subfield code="c">20040331</subfield>
  </datafield>
  <datafield tag="801" ind1=" " ind2="0">
    <subfield code="a">RU</subfield>
    <subfield code="b">NLR</subfield>
    <subfield code="g">PSBO</subfield>
  </datafield>
  <datafield tag="852" ind1=" " ind2=" ">
    <subfield code="a">NLR</subfield>
    <subfield code="j">1/237</subfield>
  </datafield>
  <datafield tag="942" ind1=" " ind2=" ">
    <subfield code="c">ISSUE</subfield>
  </datafield>
  <datafield tag="980" ind1=" " ind2=" ">
    <subfield code="a">NB</subfield>
  </datafield>
  <datafield tag="980" ind1=" " ind2=" ">
    <subfield code="a">RUSPER</subfield>
  </datafield>
</record>
